|
|
|
|
| LEADER |
00000cam a2200000 7i4500 |
| 001 |
0000000687 |
| 005 |
20151222.0 |
| 008 |
070702 |
| 020 |
|
|
|a 9838914444
|
| 020 |
|
|
|a 9838914460(set)
|
| 090 |
0 |
0 |
|a JF
|b MAL (357)
|
| 100 |
0 |
|
|a Ghazali Ngah Azia
|
| 100 |
0 |
|
|a JF
|b SC MAL (752)
|
| 100 |
0 |
|
|a Perintis pealan induk
|c Ghazali Ngah Azia
|
| 245 |
1 |
0 |
|a Penghuni rumah berkembar
|c Ghazali Ngah Azia
|
| 260 |
|
|
|a Selangor :
|b Penerbitan Orkid ,
|c 2006
|
| 440 |
|
0 |
|a Siri nilai klasik
|
| 500 |
|
|
|a Children ages 7-9 years old (orange)
|
| 650 |
|
0 |
|a Malay language
|x Readers
|x Fiction
|
| 999 |
|
|
|a 0000919127
|b Book
|c Children Collection
|e Cawangan Bukit Gambir
|
| 999 |
|
|
|a 0000919128
|b Book
|c Children Collection
|e Cawangan Bukit Gambir
|
| 999 |
|
|
|a 0000919129
|b Book
|c Children Collection
|e Cawangan Bukit Gambir
|
| 999 |
|
|
|a 0000930188
|b Book
|c Children Collection
|e Cawangan Tangkak
|
| 999 |
|
|
|a 0000930189
|b Book
|c Children Collection
|e Cawangan Tangkak
|
| 999 |
|
|
|a 0000930190
|b Book
|c Children Collection
|e Cawangan Tangkak
|
| 999 |
|
|
|a 0000959222
|b Book
|c Children Collection
|e Cawangan Bandar Penawar
|
| 999 |
|
|
|a 0000959223
|b Book
|c Children Collection
|e Cawangan Mersing
|
| 999 |
|
|
|a 0000959224
|b Book
|c Children Collection
|e Cawangan Kota Tinggi
|
| 999 |
|
|
|a 0000971515
|b Book
|c Children Collection
|e Cawangan Taman Universiti
|
| 999 |
|
|
|a 0000971519
|b Book
|c Children Collection
|e Cawangan Kota Tinggi
|